| 000 | nam a22 7a 4500 | ||
|---|---|---|---|
| 999 |
_c129640 _d129640 |
||
| 008 | 190522b xxu||||| |||| 00| 0 eng d | ||
| 050 |
_aLB880.F732 _bK575 |
||
| 100 |
_aKirylo, James D. _946505 |
||
| 245 |
_aPaulo Freire _bhis faith, spirituality, and theology _cJames D. Kirylo and Dring Boyd |
||
| 260 |
_aNetherlands _bSense Publishers _c2017 |
||
| 300 |
_axxiii, 108p. ; _c24cm. |
||
| 600 |
_aFreire, Paulo _917700 |
||
| 650 |
_aEducation _xPhilosophy _946506 |
||
| 650 |
_aCritical pedagogy _945759 |
||
| 650 |
_aPostmodernism and education _945881 |
||
| 942 |
_2lcc _cMONOGRAPH |
||